| 000 | 02017nam a22002777a 4500 | ||
|---|---|---|---|
| 003 | PE SENCICO BE | ||
| 005 | 20251020182625.0 | ||
| 008 | 230118b |||||||| |||| 00| 0 eng d | ||
| 020 | _a978-958-778-537-1 | ||
| 040 |
_aPE SENCICO BE _cPE SENCICO BE |
||
| 041 | _aspa | ||
| 082 |
_a627.0288 _bI35 |
||
| 100 | 1 |
_9497 _aIglesias Guerra, Reinaldo A. |
|
| 245 | 1 |
_aMantenimiento en las obras hidráulicas / _cReinaldo A. Iglesias Guerra |
|
| 250 | _a[1a ed.] | ||
| 260 |
_aBogotá : _bUniversitaria Félix Varela, _bAlfaomega colombiana, _c2019 |
||
| 300 |
_a324 p.: _bil., diagrs., _c28 cm. |
||
| 504 | _aBibliografía: p. 323-324 | ||
| 505 | 2 | _aConceptos y organización del sistema de mantenimiento -- Historia resumida del mantenimiento -- Evolución del mantenimiento -- Conceptos y objetivos del mantenimiento -- La economía y el mantenimiento -- Problemática del mantenimiento -- Los servicios ingenieros y el mantenimiento -- Sistema integral del mantenimiento -- Herramientas organizativas del mantenimiento -- Herramientas ejecutivas y operativas del mantenimiento -- Factores decisivos en los resultados del mantenimiento -- Organización del mantenimiento en las obras hidráulicas -- El mantenimiento en las obras hidráulicas -- Presas -- Canales magistrales -- Estaciones de bombeo -- Grandes conductores -- Sistemas de acueductos -- Sistemas hidráulicos del saneamiento (alcantarillado y drenaje pluvial urbano) -- Sistemas de abasto desde pozos -- Sistemas de riego y drenaje -- Plantas potabilizadoras -- Sistemas de tratamiento de residuales -- Otros aspectos vinculados al mantenimiento -- Obras auxiliares y sistemas ingenieros de apoyo -- Acciones colaterales para el mantenimiento -- El mantenimiento y las obras hidráulicas en Cuba. | |
| 650 | 1 | 4 |
_912 _aObras hidráulicas |
| 650 | 2 | 4 |
_9498 _aMáquinas hidráulicas |
| 650 | 2 | 4 |
_9499 _aMecánica de fluidos |
| 650 | 2 | 4 |
_9500 _aSistemas de riego |
| 910 |
_bhfp _chfp |
||
| 942 |
_2ddc _cLIB _h627.0288 _iI35 |
||
| 999 |
_c3786 _d3786 |
||